Sigles et Acronymes - Statistiques

Statistiques générales
  • Ce quiz a été pris 437 fois
    395 depuis la dernière actualisation
  • Le résultat moyen est 21 sur 40
Statistiques - réponses
Sigle Indice Réponse % Correct
UE Organisation politique Union européenne
94%
ONU Organisation internationale Organisation des nations unies
85%
JO Sport Jeux olympiques
83%
TGV Train Train à grande vitesse
82%
PIB Économie Produit intérieur brut
80%
VTT Sport Vélo (ou véhicule) tout terrain
80%
PS Parti politique Parti socialiste
76%
BD Littérature Bande dessinée
74%
av. J.-C. Histoire Avant Jésus-Christ
73%
SDF Pauvreté Sans domicile fixe
73%
SVP Formule de politesse S'il vous plaît
73%
OVNI Science Objet volant non identifié
69%
FFF Sport Fédération française de football
65%
MST Santé Maladie sexuellement transmissible
64%
USA Pays United States of America
64%
TVA Taxe Taxe sur la valeur ajoutée
62%
IVG Santé Interruption volontaire de grossesse
59%
QG Stratégie Quartier général
58%
COD Grammaire Complément d'objet direct
56%
PME Économie Petite et moyenne entreprise
56%
CDD Emploi Contrat à durée déterminée
55%
OTAN Organisation militaire Organisation du traité de l'Atlantique nord
50%
VOST Langue Version originale sous-titrée
50%
FMI Économie Fonds monétaire international
47%
OGM Alimentation Organisme génétiquement modifié
47%
SNCF Train Société nationale des chemins de fer
45%
WWW Informatique World Wide Web
41%
EDF Énergie Électricité de France
40%
SPA Bien-être animal Société Protectrice des Animaux
34%
URSS Pays Union des républiques socialistes soviétiques
34%
HLM Logement Habitation à loyer modéré
33%
RSA Aide sociale Revenu de solidarité active
32%
GPA Santé Gestation pour autrui
23%
MoDem Parti politique Mouvement démocrate
17%
SMIC Revenu minimum Salaire minimum de croissance
16%
IUT École Institut universitaire de technologie
15%
UMP Parti politique Union pour un mouvement populaire
15%
SIDA Santé Syndrome d’immunodéficience acquise
14%
RATP Transport Régie autonome des transports parisiens
12%
HEC École École des hautes études commerciales
9%
Aucun quiz correspondant
Distribution des résultats
% des personnes avec chaque résultat
Percentile par nombre de réponses
Votre historique - résultats
Vous n’avez pas pris ce quiz depuis la dernière actualisation